000 00228nam a22001097a 4500
082 _a658.567YEN
100 _aYen T F
245 _arecycling and disposal of solid wastes bodies
260 _c1974
300 _a372
942 _cBK
999 _c12494
_d12494